<?xml version="1.0" encoding="UTF-8"?>
<record
    xmlns:xsi="http://www.w3.org/2001/XMLSchema-instance"
    xsi:schemaLocation="http://www.loc.gov/MARC21/slim http://www.loc.gov/standards/marcxml/schema/MARC21slim.xsd"
    xmlns="http://www.loc.gov/MARC21/slim">

  <leader>01604nam a2200217Ia 4500</leader>
  <controlfield tag="003">OSt</controlfield>
  <controlfield tag="005">20251117093244.0</controlfield>
  <controlfield tag="008">210210b2006   xxu||||| |||| 00| 0 eng d</controlfield>
  <datafield tag="040" ind1=" " ind2=" ">
    <subfield code="c">AL</subfield>
  </datafield>
  <datafield tag="041" ind1=" " ind2=" ">
    <subfield code="a">Kannada</subfield>
  </datafield>
  <datafield tag="082" ind1=" " ind2=" ">
    <subfield code="a">K894.3 ARAA</subfield>
  </datafield>
  <datafield tag="100" ind1=" " ind2=" ">
    <subfield code="a">ARATI VENKATESH</subfield>
    <subfield code="d">&#xC86;&#xCB0;&#xCA4;&#xCBF; &#xCB5;&#xCC6;&#xC82;&#xC95;&#xC9F;&#xCC7;&#xCB6;&#xCCD;</subfield>
    <subfield code="9">159684</subfield>
  </datafield>
  <datafield tag="245" ind1=" " ind2=" ">
    <subfield code="a">Aaradirali belaku mattu angalada deepa</subfield>
    <subfield code="b">&#xC86;&#xCB0;&#xCA6;&#xCBF;&#xCB0;&#xCB2;&#xCBF; &#xCAC;&#xCC6;&#xCB3;&#xC95;&#xCC1; &#xCAE;&#xCA4;&#xCCD;&#xCA4;&#xCC1;  &#xC85;&#xC82;&#xC97;&#xCB3;&#xCA6; &#xCA6;&#xCC0;&#xCAA;</subfield>
  </datafield>
  <datafield tag="260" ind1=" " ind2=" ">
    <subfield code="a">Bengaluru</subfield>
    <subfield code="b">Sahitya nandana</subfield>
    <subfield code="c">2006</subfield>
  </datafield>
  <datafield tag="300" ind1=" " ind2=" ">
    <subfield code="a">160</subfield>
  </datafield>
  <datafield tag="520" ind1=" " ind2=" ">
    <subfield code="a">&#xCA6;&#xC82;&#xCAC;&#xCB0;&#xCBF;&#xC95;&#xCBE;&#xCB0;&#xCCD;&#xCA4;&#xCBF; &#xC86;&#xCB0;&#xCA4;&#xCBF; &#xCB5;&#xCC6;&#xC82;&#xC95;&#xC9F;&#xCC7;&#xCB6;&#xCCD; &#xC85;&#xCB5;&#xCB0; &#xCB8;&#xCBE;&#xCAE;&#xCBE;&#xC9C;&#xCBF;&#xC95; &#xC96;&#xCBE;&#xCA6;&#xC82;&#xCAC;&#xCB0;&#xCBF; &#xC86;&#xCB0;&#xCA6;&#xCBF;&#xCB0;&#xCB2;&#xCBF; &#xCAC;&#xCC6;&#xCB3;&#xC95;&#xCC1;. &#xCB9;&#xCA6;&#xCBF;&#xCB9;&#xCB0;&#xCC6;&#xCAF;&#xCA6; &#xCB5;&#xCAF;&#xCB8;&#xCCD;&#xCB8;&#xCBF;&#xCA8;&#xCB2;&#xCCD;&#xCB2;&#xCBF; &#xCA8;&#xCA1;&#xCC6;&#xCA6; &#xCAA;&#xCCD;&#xCB0;&#xCC7;&#xCAE; &#xCAA;&#xCCD;&#xCB0;&#xC95;&#xCB0;&#xCA3; &#xCAE;&#xCC1;&#xC82;&#xCA6;&#xCBF;&#xCA8; &#xCB5;&#xCC8;&#xCB5;&#xCBE;&#xCB9;&#xCBF;&#xC95; &#xC9C;&#xCC0;&#xCB5;&#xCA8;&#xCA6;&#xCB2;&#xCCD;&#xCB2;&#xCBF; &#xCAF;&#xCBE;&#xCB5; &#xCB0;&#xCC0;&#xCA4;&#xCBF; &#xCAA;&#xCCD;&#xCB0;&#xCAD;&#xCBE;&#xCB5; &#xCAC;&#xCC0;&#xCB0;&#xCC1;&#xCA4;&#xCCD;&#xCA4;&#xCA6;&#xCC6; &#xC8E;&#xC82;&#xCA6;&#xCC1; &#xCB8;&#xCBE;&#xCB0;&#xCC1;&#xCB5; &#xCA8;&#xCC8;&#xC9C;&#xC9A;&#xCBF;&#xCA4;&#xCCD;&#xCB0;&#xCA3;&#xCB5;&#xCC7; &#x2018;&#xC86;&#xCB0;&#xCA6;&#xCBF;&#xCB0;&#xCB2;&#xCBF; &#xCAC;&#xCC6;&#xCB3;&#xC95;&#xCC1;&#x2019; &#xC8E;&#xC82;&#xCAC; &#xC95;&#xCBE;&#xCA6;&#xC82;&#xCAC;&#xCB0;&#xCBF;&#xCAF;&#xCB2;&#xCCD;&#xCB2;&#xCBF; &#xC9A;&#xCBF;&#xCA4;&#xCCD;&#xCB0;&#xCBF;&#xCB8;&#xCBF;&#xCA6;&#xCCD;&#xCA6;&#xCC7;&#xCA8;&#xCC6;. &#xCAF;&#xCCC;&#xCB5;&#xCA8;&#xCA6; &#xC85;&#xCAE;&#xCB2;&#xCBF;&#xCA8;&#xCB2;&#xCCD;&#xCB2;&#xCBF; &#xCA4;&#xCAA;&#xCCD;&#xCAA;&#xCC1; &#xCB9;&#xCC6;&#xC9C;&#xCCD;&#xC9C;&#xCC6;&#xCAF;&#xCA8;&#xCCD;&#xCA8;&#xCBF;&#xC9F;&#xCCD;&#xC9F; &#xC86;&#xCA7;&#xCC1;&#xCA8;&#xCBF;&#xC95; &#xCAF;&#xCC1;&#xCB5;&#xCA4;&#xCBF;&#xCAF;&#xCCA;&#xCAC;&#xCCD;&#xCAC;&#xCB3; &#xCAC;&#xCA6;&#xCC1;&#xC95;&#xCBF;&#xCA8; &#xC9A;&#xCBF;&#xCA4;&#xCCD;&#xCB0;&#xCA3;&#xCB5;&#xCC7; &#x2018;&#xC85;&#xC82;&#xC97;&#xCB3;&#xCA6; &#xCA6;&#xCC0;&#xCAA;&#x2019;&#xCA6; &#xC95;&#xCA5;&#xCBE;&#xCB5;&#xCB8;&#xCCD;&#xCA4;&#xCC1; &#xC8E;&#xC82;&#xCAC;&#xCC1;&#xCA6;&#xCBE;&#xC97;&#xCBF; &#xCB2;&#xCC7;&#xC96;&#xC95;&#xCBF; &#xCB9;&#xCC7;&#xCB3;&#xCBF;&#xCA6;&#xCCD;&#xCA6;&#xCBE;&#xCB0;&#xCC6;.</subfield>
  </datafield>
  <datafield tag="650" ind1=" " ind2=" ">
    <subfield code="a">Eradu mini kadambarigalu</subfield>
    <subfield code="9">159685</subfield>
  </datafield>
  <datafield tag="690" ind1=" " ind2=" ">
    <subfield code="a">Kannada Fiction</subfield>
    <subfield code="9">159686</subfield>
  </datafield>
  <datafield tag="906" ind1=" " ind2=" ">
    <subfield code="a">063120</subfield>
  </datafield>
  <datafield tag="942" ind1=" " ind2=" ">
    <subfield code="2">ddc</subfield>
    <subfield code="c">BK</subfield>
  </datafield>
  <datafield tag="999" ind1=" " ind2=" ">
    <subfield code="c">134360</subfield>
    <subfield code="d">134360</subfield>
  </datafield>
  <datafield tag="952" ind1=" " ind2=" ">
    <subfield code="0">0</subfield>
    <subfield code="1">0</subfield>
    <subfield code="2">ddc</subfield>
    <subfield code="4">0</subfield>
    <subfield code="7">0</subfield>
    <subfield code="8">KAN</subfield>
    <subfield code="a">AL</subfield>
    <subfield code="b">AL</subfield>
    <subfield code="c">Kannada Literature</subfield>
    <subfield code="d">2021-02-17</subfield>
    <subfield code="e">Athree Book Centre,Mangalore</subfield>
    <subfield code="g">80.00</subfield>
    <subfield code="l">0</subfield>
    <subfield code="o">K894.3 ARAA</subfield>
    <subfield code="p">063120</subfield>
    <subfield code="r">2021-02-17 00:00:00</subfield>
    <subfield code="w">2021-02-17</subfield>
    <subfield code="y">BK</subfield>
  </datafield>
</record>
